000
00200 a2200097 4500
001
46760
100
_a
Gerassi J
245
_a
Wenceremos
260
_a
New York
_b
Macmillan
_c
090
_c
29854
_d
29854
942
_a
NUST-CAE
_c
M
_c
22062
999
_c
281833
_d
281833